000 00302nam a2200133Ia 4500
100 _aAnsley/A.C
942 _cBK
654 _aManufacturing
245 _aManufacturing Methods & Processes
260 _bChilton Book & Co
_aPhiladelpic
_c1968
082 _a670.42
300 _a626
546 _aENGLISH
999 _c33658
_d33658